000 00784nam a2200241 i 4500
001 88877
003 ES-MaACL
005 20250728111044.0
007 t|
008 041227s1989 fr ||||1| fre d
020 _a2-8307-0026-0
080 _a299.31
080 _a299.31:291.8
245 0 3 _aLe livre des morts des anciens egyptiens
_b: papyrus de'Ani, Hunefer, Anhaï /
_ccommentaires de Evelyn Rossiter ; traduits par Bernard Soulié.
260 _aGenéve, Paris :
_bMinerva,
_c[1989]
300 _a119 p. :
_bil. ;
_c32 cm.
630 3 4 _aEl libro de los muertos.
_9184246
650 7 _aReligión egipcia
_2embne
_916803
700 1 _aRossiter, Evelyn.
_999901
700 1 _aSoulié, Bernard.
_9107563
852 _aES-MaACL
_jE-10718
999 _c88877
_d88877